00987nam a2200289 a 4500001001000000003000900010005001700019007001000036008002700046020001500073040002200088082002700110092000600137100003500143245010800178260003900286300002100325490002700346590002600373650002400399650003900423650004100462910004100503942001200544952012400556999001700680000003277DO-SdBNP20240123091636.0000003277090707s2003 sp 000 0 spa d a8497643208 aBPMSUbspacBPMSU 4a362.25bG643a 2003222 a 1 aGonzález, José Francisco. 10aAnorexia :bsuperar los problemas con la alimentación /c José Francisco González Ramírez  aBarcelona :bEdimat Libros, c2003 a189 p. ;c23 cm.0 aSuperación personal  aInventariado, 2024/VM 4aAnorexia nerviosa.  4aObesidadxAspectos psicológicos. 4aAnorexia nerviosa vEstudio de casos aVmateo V. Control de calidad. BPMSU  2ddccBK 00102ddc40708CGaBPMETbBPMETd2024-01-23l0oBPMSU CG 362.25 G643a 2003pBPMSU24010037r2024-01-23w2024-01-23yBK c14538d14538